| 000 | 00578nam a22002057a 4500 | ||
|---|---|---|---|
| 003 | OSt | ||
| 005 | 20230207042618.0 | ||
| 008 | 170125b xxu||||| |||| 00| 0 eng d | ||
| 020 | _a9780195430974 | ||
| 040 |
_aMMU _beng _cMMU _dMMU |
||
| 050 | _aPN6014 .E44 2009 | ||
| 100 | _aScholes Robert | ||
| 245 |
_aElements of literature / _cRobert Scholes ...{et al .}. |
||
| 250 | _a4th ed . | ||
| 260 |
_aCanada: _bScholes,Comley,Klaus, _c2009. |
||
| 300 | _aX,1369 p. : | ||
| 500 | _aIncludes bibliographical references and index | ||
| 650 | _aLiterature | ||
| 942 |
_2lcc _cFICTION |
||
| 999 |
_c21140 _d21140 |
||